| 000 | 00696nam a2200229Ia 4500 | ||
|---|---|---|---|
| 003 | OSt | ||
| 005 | 20251202111823.0 | ||
| 008 | 210716s2005 xx 000 0 und d | ||
| 020 | _a8131200922 | ||
| 040 | _cAIMIT LIBRARY | ||
| 041 | _aeng | ||
| 082 |
_a006.32 _21 _bCOXE |
||
| 100 |
_aCox, Earl. _9247246 |
||
| 245 |
_aFuzzy modeling and genetic algorithms for data mining and exploration / _cBy Earl Cox. |
||
| 250 | _a1st ed. | ||
| 260 |
_aNew Delhi : _bMorgan Kaufmann , _c2005. |
||
| 300 |
_axix,530p. ; _bPB _c24.7 cm |
||
| 650 |
_aPrincipal model types _9247247 |
||
| 650 |
_aFuzzy clustering _9247248 |
||
| 650 |
_aFuzzy rule induction _9247249 |
||
| 942 |
_2ddc _cBK _e1st _k006.32 COXE |
||
| 999 |
_c189060 _d189060 |
||